Offshore underwater investigations Houston-Galveston navigation channels, Texas Project, Galveston, Harris, Liberty and Chambers Counties, Texas /

Bibliographic Details
Corporate Authors: United States. Army. Corps of Engineers. Galveston District, Espey, Huston & Associates, Texas Antiquities Committee
Other Authors: Hoyt, Steven D. (Steven Douglas), 1949-
Format: Government Document Book
Language:English
Published: Austin, Tex. : Espey, Huston & Associates, [1993]
Subjects:

MARC

Tag First Indicator Second Indicator Subfields
LEADER 00000cam a2200000 a 4500
001 in00001201321
005 20151002072811.0
008 940624s1993 txuab tb 000 0 eng d
035 |a (OCoLC)30659977 
035 |9 AGL3781AM 
040 |a ILU  |c ILU  |d TXA  |d UtOrBLW 
043 |a n-us-tx  |a nm----- 
049 |a TXAM 
086 |a A1900.7 P422 NO.1256 
090 |a F394.G2  |b O34 1993 
245 0 0 |a Offshore underwater investigations Houston-Galveston navigation channels, Texas Project, Galveston, Harris, Liberty and Chambers Counties, Texas /  |c prepared for Department of the Army, Galveston District, Corps of Engineers ; prepared by Espey, Huston & Associates, Inc. ; principal investigator, Steven D. Hoyt. 
264 1 |a Austin, Tex. :  |b Espey, Huston & Associates,  |c [1993] 
300 |a 137 pages in various pagings :  |b illustrations, maps ;  |c 28 cm. 
336 |a text  |b txt  |2 rdacontent 
337 |a unmediated  |b n  |2 rdamedia 
338 |a volume  |b nc  |2 rdacarrier 
500 |a "Contract DACW 64-91-D-0004." 
500 |a "Delivery order number 0005." 
500 |a "Texas Antiquities permit number 1256." 
500 |a "June 1993." 
504 |a Includes bibliographical references (pages 68-70 (2nd group)). 
500 |a "Document number 930196." 
500 |a "EH&A job number 14370." 
650 0 |a Underwater archaeology  |z Texas  |z Galveston Region. 
650 0 |a Underwater archaeology  |z Mexico, Gulf of. 
651 0 |a Galveston Region (Tex.)  |x Antiquities. 
650 0 |a Magnetometry in archaeology  |z Texas  |z Galveston Region. 
650 0 |a Magnetometry in archaeology  |z Mexico, Gulf of. 
710 1 |a United States.  |b Army.  |b Corps of Engineers.  |b Galveston District. 
710 2 |a Espey, Huston & Associates. 
700 1 |a Hoyt, Steven D.  |q (Steven Douglas),  |d 1949- 
710 2 |a Texas Antiquities Committee. 
999 |a MARS 
999 f f |s 7411bbfd-a45f-3e4e-a827-7e16d2172bb0  |i 3b89a3cc-58dc-3691-8110-87d6e690b002  |t 0 
952 f f |p normal  |a Texas A&M University  |b Galveston Campus  |c Jack K. Williams Library  |d Galveston Stacks  |t 0  |e F 394 .G2 O34 1993  |h Library of Congress classification  |i unmediated -- volume  |m 33620001109160 
952 f f |p normal  |a Texas A&M University  |b College Station  |c Sterling C. Evans Library  |d Evans: Texas Documents (Annex 5th floor)  |t 0  |e A1900.7 P422 NO.1256  |h Superintendent of Documents classification  |i unmediated -- volume  |m A14826660778 
952 f f |p normal  |a Texas A&M University  |b College Station  |c Sterling C. Evans Library  |d Evans: Library Stacks  |t 0  |e F394.G2 O34 1993  |h Library of Congress classification  |i unmediated -- volume  |m A14818540249 
998 f f |a F394.G2 O34 1993  |t 0  |l Evans: Library Stacks 
998 f f |a A1900.7 P422 NO.1256  |t 0  |l Evans: Texas Documents (Annex 5th floor) 
998 f f |a F 394 .G2 O34 1993  |t 0  |l Galveston Stacks